000 00756nam a22002297a 4500
999 _c3793
_d3793
003 AR-CdUCM
008 190307b ||||| |||| 00| 0 spa d
040 _aMUNICIPALIDAD PROVINCIAL DEL CUSCO
_cBIBLIOTECA MUNICIPAL DEL CUSCO
041 _heng
082 _a818.5 /
_bL36
100 _aLederer, W. J.
_912241
245 _aSarkhan /
260 _aMéxico, D. F :
_bGrijalbo,
_c1965.
300 _a346 paginas ;
_c23 cm.
505 _aPrueba en la jungla -- un pequeño motín -- La casa encima del rió -- El pueblo de xinh -- El destripador de pescado y el general ...
650 _aNovela
_95
650 _asudeste asiático
_912242
650 _aRealidad y fidelidad
_912243
700 _aBurdick, E
_912244
942 _2ddc
_cLIBROS
945 _aacv